00809nam a2200205 i 4500003000900000005001700009007000300026008004100029040003000070082002300100111010200123245002900225264011500254300004600369336002700415337003300442338002800475500004700503650005300550DO-SdBNP20240618090350.0ta240618s1949 dr r 000 0 spa d aDO-SdBNPbspacBNPHUerda a616.832bS612e222 aSimposium de encefalomielitis equina :c(5 de junio,1949 : Santo Domingo, República Dominicana)13aEncefalomielitis equina  1aSanto Domingo :bSecretaría de Estado de Sanidad y Asistencia Pública de la República Dominicana,c1949  aVolumen 1 (paginación varia). ;c29 cm. 2rdacontentatextobtxt 2rdamediaasin mediaciónbn 2rdacarrieravolumenbnc aPolítica sanitaria de la era de Trujillo aENCEFALITIS EQUINAxCONGRESOS, CONFERENCIAS, ETC